Genius English-Japanese Dictionary /
Enregistré dans:
| Auteur principal: | |
|---|---|
| Format: | Inconnue |
| Langue: | English |
| Publié: |
Tokyo :
Taishukan.
2006
|
| Édition: | 3rd |
| Sujets: | |
| Tags: |
Ajouter un tag
Pas de tags, Soyez le premier à ajouter un tag!
|
| Thư viện lưu trữ: | Mạng thư viện Đại học Đà Nẵng |
|---|
| LEADER | 00948ca a2200289 4500 | ||
|---|---|---|---|
| 001 | 000032215 | ||
| 003 | 8293 | ||
| 005 | 20250820103616.0 | ||
| 008 | 151002s2006 vm 000 eng | ||
| 041 | |a eng | ||
| 082 | |a 495.63 |b TA-I | ||
| 100 | |a Taishukan | ||
| 245 | 0 | |a Genius English-Japanese Dictionary / |c Taishukan. | |
| 250 | |a 3rd | ||
| 260 | |c 2006 |a Tokyo : |b Taishukan. | ||
| 300 | |a 2215p. : ; |c 17cm. | ||
| 650 | |a Genius English-Japanese Dictionary | ||
| 653 | |a Đọc |a TỪ ĐIỂN | ||
| OWN | |a LNN | ||
| AVA | |a UDN50 |b LNN |c French |d 495.63 TA-I |e available |t Error 5001 Not defined in file expand_doc_bib_avail. |f 3 |g 0 |h N |i 0 |j PN | ||
| 999 | |a From the UDN01 | ||
| AVA | |a UDN50 |b LNN |c French |d 495.63 TA-I |e available |t Error 5001 Not defined in file expand_doc_bib_avail. |f 3 |g 0 |h N |i 0 |j PN | ||
| TYP | |a Printed language | ||
| 980 | |a Mạng thư viện Đại học Đà Nẵng | ||